Aldeas de paz (Registro nro. 76580)
[ vista simple ]
| 000 -CABECERA | |
|---|---|
| fixed length control field | 00493nam a22002177a 4500 |
| 003 - IDENTIFICADOR DEL NUMERO DE CONTROL | |
| control field | bpm |
| 005 - FECHA Y HORA DE LA ULTIMA TRANSACCION | |
| control field | 20260316112357.0 |
| 008 - ELEMENTOS DE LONGITUD FIJA -- INFORMACION GENERAL | |
| fixed length control field | 260316b |||||||| |||| 001 p spa d |
| 020 ## - NUMERO INTERNACIONAL NORMALIZADO PARA LIBROS | |
| Número Internacional Normalizado para Libros | 9789878805832 |
| 024 ## - OTRO IDENTIFICADOR NORMALIZADO | |
| Número o código normalizado | S. C. C. / M. C. y E. M.: |
| 040 ## - FUENTE DE CATALOGACION | |
| Código de la agencia catalogadora original | AR-CtUCP |
| 041 ## - LANGUAGE CODE | |
| Código de Idioma para texto o pista de sonido o título separado | spa |
| 080 ## - CLASIFICACIÓN DECIMAL UNIVERSAL | |
| Clasificación Decimal Universal | CDU |
| 100 ## - ASIENTO PRINCIPAL--NOMBRE PERSONAL | |
| Nombre del autor personal | Kraft Graciela |
| 245 ## - MENCION DE TITULO | |
| Titulo | Aldeas de paz |
| 250 ## - MENCION DE EDICION | |
| Edición | 1a. ed. |
| 260 ## - PUBLICACION, DISTRIBUCION, ETC. (PIE DE IMPRENTA) | |
| Lugar | Córdoba |
| Editor | aBrace |
| Fecha | 2021 |
| 650 ## - SASIENTO SECUNDARIO DE MATERIA - TERMINO TEMATICO | |
| Término controlado | Literatura-Poesía |
| 942 ## - TIPO DE MATERIAL | |
| Tipo de Item | LIBRO |
| Estado Perdido | Estado de Daño | Ubicacion Permanente | Ubicacion Actual | Sala | Fecha de Adquisicion | Signatura Topografica Completa | Numero de Inventario | Date last seen | Tipo de Ejemplar |
|---|---|---|---|---|---|---|---|---|---|
| Biblioteca Regional de Poesía | Biblioteca Regional de Poesía | Biblioteca | 16/03/2026 | 82 KRA a | P 46 | 16/03/2026 | LIBRO |
